[Event "Women's Speed Chess Q3"]
[Site "chess.com INT"]
[Date "2021.05.30"]
[Round "1"]
[White "Gaponenko, Inna"]
[Black "Starosta, Martyna"]
[Result "1/2-1/2"]
[WhiteTitle "IM"]
[BlackTitle "WCM"]
[WhiteElo "2357"]
[BlackElo "1910"]
[WhiteFideId "14101181"]
[BlackFideId "21818754"]
[EventDate "2021.05.30"]

1. e4 e5 2. Nf3 Nc6 3. Bb5 a6 4. Bxc6 dxc6 5. O-O Bg4 6. h3 h5 7. d3 Qf6 8. Nbd2
Bd6 9. Nc4 Bxf3 10. Qxf3 Qxf3 11. gxf3 f6 12. Rd1 Ne7 13. c3 O-O-O 14. d4 exd4
15. cxd4 Ng6 16. Kf1 Nh4 17. Ke2 g5 18. Be3 Rhe8 19. Rac1 Ng2 20. a3 Bf4 21. b4
Bxe3 22. fxe3 f5 23. e5 f4 24. e4 b5 25. Na5 Ne3 26. Rd3 g4 27. Nxc6 Rd7 28.
fxg4 hxg4 29. hxg4 Rh8 30. Kf3 Rf7 31. Rxe3 fxe3+ 32. Kxe3 Rh3+ 33. Ke2 Rf4 34.
Ne7+ Kd7 35. Nf5 Rxe4+ 36. Kf2 Rxg4 37. Ke2 Rg2+ 38. Kf1 Rd2 39. Kg1 Rf3 40. Nh4
Rg3+ 41. Kf1 Rxd4 42. Ng2 Re4 43. Rd1+ Kc6 44. Rd2 Rxe5 45. Kf2 Rg8 46. Rc2+ Kb6
47. Ne3 Rf8+ 48. Ke2 Rfe8 49. Rc3 Rxe3+ 50. Rxe3 Rxe3+ 51. Kxe3 c5 52. bxc5+
Kxc5 53. Kd3 Kd5 54. Kc3 Kc5 55. Kb3 a5 56. Kc3 a4 57. Kd3 b4 58. axb4+ Kxb4 59.
Kc2 Kc4 60. Kb2 Kb4 61. Ka2 a3 62. Ka1 Ka4 63. Ka2 Kb4 64. Ka1 Kb3 65. Kb1 a2+
66. Ka1 Ka3 1/2-1/2

[Event "Women's Speed Chess Q3"]
[Site "chess.com INT"]
[Date "2021.05.30"]
[Round "1"]
[White "Papp, Petra"]
[Black "Kulkarni, Bhakti"]
[Result "1/2-1/2"]
[WhiteTitle "WGM"]
[BlackTitle "IM"]
[WhiteElo "2336"]
[BlackElo "2391"]
[WhiteFideId "739049"]
[BlackFideId "5019516"]
[EventDate "2021.05.30"]

1. e4 d5 2. exd5 Nf6 3. Nf3 Nxd5 4. d4 Bg4 5. h3 Bh5 6. g4 Bg6 7. a3 e6 8. c4
Nf6 9. Nc3 c5 10. d5 exd5 11. cxd5 Bd6 12. Bb5+ Nbd7 13. Qe2+ Qe7 14. Qxe7+ Kxe7
15. Bg5 h6 16. Bh4 a6 17. Bxd7 Kxd7 18. Bxf6 gxf6 19. O-O-O Bf4+ 20. Nd2 b5 21.
Ne2 Bd6 22. f4 Bd3 23. Rhe1 Bxe2 24. Rxe2 Bxf4 25. Kc2 Rhe8 26. Rf2 Bg5 27. Nf3
Be3 28. Re2 Re4 29. Nh4 Rae8 30. Nf5 Bf4 31. Rxe4 Rxe4 32. Kd3 Re5 33. Rf1 Bh2
34. d6 h5 35. Rf2 Bg1 36. Rf1 c4+ 37. Kc2 hxg4 38. hxg4 Bc5 39. Rh1 Re2+ 40. Kb1
Bxd6 41. Rh7 Re1+ 42. Ka2 Rg1 43. Rxf7+ Ke6 44. Nxd6 Kxd6 45. Rxf6+ Kc5 46. Rxa6
Rxg4 47. Ra8 Rg2 48. Rc8+ Kd4 49. Kb1 Kd5 50. Rd8+ Kc5 51. Rc8+ Kb6 52. Rb8+ Kc6
53. Rc8+ Kb6 54. Rb8+ Kc6 55. Rc8+ Kb7 56. Rf8 Rg1+ 57. Ka2 Rg2 58. Kb1 Rg1+ 59.
Kc2 Rg2+ 60. Kc3 Rg3+ 61. Kc2 Kb6 62. Rf6+ Kc5 63. Rf5+ Kb6 64. Rf8 Kc5 65. Rf5+
Kb6 66. Rf8 Rg2+ 67. Kc3 Rg3+ 68. Kc2 1/2-1/2

[Event "Women's Speed Chess Q3"]
[Site "chess.com INT"]
[Date "2021.05.30"]
[Round "1"]
[White "Szente Varga, Fruzsina"]
[Black "Ribeiro, Regina"]
[Result "1-0"]
[WhiteTitle "WFM"]
[BlackTitle "WIM"]
[WhiteElo "2100"]
[BlackElo "1920"]
[WhiteFideId "712264"]
[BlackFideId "2100681"]
[EventDate "2021.05.30"]

1. e4 c6 2. d4 d5 3. Nc3 dxe4 4. Nxe4 Nf6 5. Nxf6+ exf6 6. Be3 Bd6 7. Qd2 O-O 8.
O-O-O a5 9. Bd3 b5 10. Ne2 Na6 11. Bf4 Nb4 12. Kb1 a4 13. Bxd6 Qxd6 14. c3 Nxd3
15. Qxd3 b4 16. c4 Be6 17. g3 Rfb8 18. Nf4 a3 19. b3 Rd8 20. Nxe6 Qxe6 21. Rhe1
Qh3 22. Qe4 Rac8 23. Re2 Qxh2 24. Rde1 g6 25. Qf4 Qh5 26. Qxf6 Qf5+ 27. Qxf5
gxf5 28. Rd2 Kg7 29. Red1 Kf6 30. Kc2 Re8 31. Kd3 Re4 32. f3 Re6 33. Rh2 Kg6 34.
Rdh1 Rce8 35. Rh6+ Kg7 36. Rxh7+ Kf6 37. R1h6+ Ke7 38. Rxe6+ Kxe6 39. Rh6+ Ke7
40. Rxc6 Rg8 41. Rb6 Rxg3 42. Ke3 Rg2 43. Rxb4 Rxa2 44. Ra4 Kd6 45. Kf4 f6 46.
Kxf5 Rf2 47. Rxa3 Rxf3+ 48. Kg6 f5 49. Ra6+ Kd7 50. Rb6 f4 51. c5 Rf1 52. Rf6 f3
53. Kf7 f2 54. d5 Rb1 55. Rxf2 Rxb3 56. Ra2 Rc3 57. Ra7+ Kc8 58. c6 Rc5 59. Ke6
Rc2 60. Kd6 Kb8 61. Rh7 Rc1 62. c7+ Kb7 63. Re7 Rc2 64. Re8 Rc1 65. Rb8+ Ka7 66.
c8=Q Rxc8 67. Rxc8 Kb6 68. Ke7 Kb7 69. Rc1 1-0

[Event "Women's Speed Chess Q3"]
[Site "chess.com INT"]
[Date "2021.05.30"]
[Round "1"]
[White "Mohota, Nisha"]
[Black "Morris-Suzuki, Sophie"]
[Result "0-1"]
[WhiteTitle "IM"]
[BlackTitle "WFM"]
[WhiteElo "2195"]
[BlackElo "2043"]
[WhiteFideId "5004330"]
[BlackFideId "30922615"]
[EventDate "2021.05.30"]

1. b3 c5 2. Bb2 d5 3. e3 Nf6 4. f4 e6 5. Nf3 Nbd7 6. Be2 b6 7. O-O Bb7 8. Qe1
Bd6 9. Ne5 Qc7 10. Nxd7 Qxd7 11. d3 Qe7 12. Nd2 e5 13. fxe5 Bxe5 14. Bxe5 Qxe5
15. Bf3 O-O 16. c4 Rfe8 17. cxd5 Bxd5 18. e4 Bc6 19. Kh1 Rad8 20. Qe3 Qd4 21.
Qxd4 Rxd4 22. Be2 Red8 23. Nf3 R4d7 24. Ne5 Rc7 25. Nxc6 Rxc6 26. Rac1 Nd7 27.
d4 Rd6 28. d5 Ne5 29. Bf3 f6 30. Kg1 Kf7 31. Rfd1 Ke7 32. Kf2 g6 33. a3 h5 34.
b4 c4 35. Ke3 b5 36. a4 a6 37. axb5 axb5 38. Ra1 R8d7 39. Be2 Rc7 40. Ra8 c3 41.
Bxb5 c2 42. Rc1 Rb6 43. Be2 Rxb4 44. Ra2 Rb3+ 45. Kd2 Rb4 46. Raxc2 Rxc2+ 47.
Rxc2 Rxe4 48. Rc7+ Kd6 49. Rg7 Rd4+ 50. Ke3 Rxd5 51. Bf3 Rd3+ 52. Ke2 Ra3 53.
Kf2 Ke6 54. Rb7 Kf5 55. Rb6 Ra2+ 56. Ke3 Nc4+ 57. Kd3 Nxb6 58. Kc3 Ra3+ 59. Kb4
Rxf3 60. gxf3 Kf4 61. Kc5 Nd7+ 62. Kd6 Kxf3 63. Kxd7 f5 64. Ke6 f4 65. Kf6 Kg2
66. Kxg6 f3 67. Kxh5 Kxh2 68. Kg5 f2 69. Kg4 f1=Q 70. Kh5 Qg2 71. Kh6 Qg4 72.
Kh7 Qg5 73. Kh8 Kg3 74. Kh7 Kf4 75. Kh8 Kf5 76. Kh7 Kf6 77. Kh8 Qg7# 0-1

[Event "Women's Speed Chess Q3"]
[Site "chess.com INT"]
[Date "2021.05.30"]
[Round "1"]
[White "Shuvalova, Polina"]
[Black "Jakubowska, Anna"]
[Result "1/2-1/2"]
[WhiteTitle "IM"]
[BlackTitle "WIM"]
[WhiteElo "2484"]
[BlackElo "2073"]
[WhiteFideId "24171760"]
[BlackFideId "1121952"]
[EventDate "2021.05.30"]

1. e4 c6 2. d4 d5 3. e5 Bf5 4. Nd2 e6 5. Nb3 Nd7 6. Nf3 h6 7. Be2 c5 8. c3 Rc8
9. O-O Ne7 10. Be3 Nc6 11. h3 g5 12. Ne1 cxd4 13. cxd4 Bg7 14. f4 gxf4 15. Rxf4
f6 16. exf6 Nxf6 17. Nd3 O-O 18. Rf1 Ne4 19. Qe1 Kh7 20. Rd1 Rg8 21. Nf4 Qe7 22.
Bf3 Bh8 23. Nh5 Bg6 24. Nf4 Bf5 25. Kh2 Rcf8 26. g4 Bg6 27. Nxg6 Rxg6 28. Bxe4
dxe4 29. Nc5 Rgf6 30. Rxf6 Qxf6 31. Qg3 e5 32. Nxe4 Qg6 33. Qg2 exd4 34. Bd2 Ne5
35. Kh1 Qf7 36. Ng3 Qf3 37. Qxf3 Nxf3 38. Kg2 Ne5 39. b3 Nd3 40. Ne4 Nb2 41. Rc1
Nd3 42. Rc7+ Kg6 43. Rxb7 Ne5 44. Re7 Nf3 45. Bc1 Nh4+ 46. Kg3 Bf6 47. Rd7 Bg5
48. Bxg5 hxg5 49. Rd6+ Kg7 50. Nxg5 Ng6 51. Rd7+ Kf6 52. Nf3 Ne5 53. Rd6+ Ke7
54. Rxd4 Rxf3+ 55. Kh4 Ke6 56. Ra4 Re3 57. Ra6+ Kd5 58. Rxa7 Ke4 59. g5 Kf5 60.
Ra5 Ke4 61. Kh5 Kf5 62. Kh6 Rxh3+ 63. Kg7 Rg3 64. Kh6 Rh3+ 65. Kg7 Rg3 66. Kh6
Rh3+ 1/2-1/2

[Event "Women's Speed Chess Q3"]
[Site "chess.com INT"]
[Date "2021.05.30"]
[Round "1"]
[White "Berend, Elvira"]
[Black "Linares Napoles, Oleiny"]
[Result "1/2-1/2"]
[WhiteTitle "WGM"]
[BlackTitle "WGM"]
[WhiteElo "2326"]
[BlackElo "2255"]
[WhiteFideId "4000510"]
[BlackFideId "3504794"]
[EventDate "2021.05.30"]

1. e4 d6 2. d4 g6 3. Nc3 Bg7 4. Nf3 Nf6 5. h3 O-O 6. Be3 c6 7. Qd2 b5 8. Be2 b4
9. a3 bxc3 10. bxc3 Nxe4 11. Qd3 d5 12. g4 Ba6 13. Qxa6 Nxa6 14. Bxa6 Qa5 15.
Bd3 Qxc3+ 16. Ke2 Rab8 17. h4 Rb2 18. Rac1 Rfb8 19. h5 Qxa3 20. hxg6 hxg6 21. g5
Qd6 22. Ra1 R8b7 23. Ra6 Qc7 24. Rha1 Rb1 25. R1a2 R1b2 26. Ra1 R2b6 27. R6a3
Rb2 28. Ne1 e5 29. dxe5 Bxe5 30. Nf3 Bg7 31. Rc1 c5 32. Bxe4 dxe4 33. Nd2 c4 34.
Nxe4 Qe5 35. Nf6+ Bxf6 36. gxf6 Qxf6 37. Rd1 Kg7 38. Bd4 Re7+ 39. Kf1 Qxd4 40.
Rxd4 Rxc2 41. Rf3 a5 42. Rd5 Ra7 43. Rd1 a4 44. Ra1 a3 45. Raxa3 Rxa3 46. Rxa3
c3 47. Kg2 Kf6 48. Kf3 Ke5 49. Ke3 f5 50. Ra5+ Kd6 51. Ra6+ Kc5 52. Rxg6 Kc4 53.
Rg8 Ra2 54. Rc8+ Kb3 55. Kd3 Rd2+ 56. Ke3 Kc2 57. f4 Rd5 58. Rb8 Ra5 59. Rc8 Ra4
60. Rc5 Re4+ 61. Kf3 Kd3 62. Rd5+ Kc2 63. Rxf5 Rd4 64. Rc5 Kd3 65. Kg4 c2 66.
Kg5 Kd2 67. Rxc2+ Kxc2 68. f5 Kd3 69. f6 Ke4 70. f7 Rd8 71. Kf6 Kd5 72. Ke7 Ra8
73. f8=Q Rxf8 74. Kxf8 1/2-1/2

[Event "Women's Speed Chess Q3"]
[Site "chess.com INT"]
[Date "2021.05.30"]
[Round "1"]
[White "Varshini, V"]
[Black "Zawadzka, Jolanta"]
[Result "0-1"]
[WhiteTitle "WGM"]
[BlackTitle "WGM"]
[WhiteElo "2226"]
[BlackElo "2399"]
[WhiteFideId "5091241"]
[BlackFideId "1122320"]
[EventDate "2021.05.30"]

1. e4 c5 2. Nc3 Nc6 3. g3 e6 4. Bg2 g6 5. d3 Bg7 6. Be3 b6 7. Qd2 Nd4 8. Nd1 Bb7
9. c3 Nc6 10. Ne2 Nge7 11. Bh6 O-O 12. h4 f5 13. h5 Qe8 14. hxg6 Qxg6 15. Nf4
Bxh6 16. Nxg6 Bxd2+ 17. Kxd2 Nxg6 18. exf5 exf5 19. Bd5+ Kg7 20. Ne3 Rae8 21.
Nc4 Ba8 22. Nd6 Re7 23. f4 Na5 24. Bxa8 Rxa8 25. Nxf5+ Kg8 26. Nxe7+ Nxe7 27.
Rae1 Nac6 28. Re4 Rf8 29. Rhe1 Rf7 30. R4e3 Kf8 31. Re4 Rg7 32. d4 cxd4 33. cxd4
d5 34. R4e3 Nxd4 35. Rd3 Nef5 36. Rg1 h5 37. Rg2 Ke7 38. Kc3 Kd6 39. Rxd4 Nxd4
40. Kxd4 Rg4 41. Kd3 h4 42. Ke3 hxg3 43. Kf3 Rg8 44. Rxg3 Rc8 45. Rg6+ Kc5 46.
Rg2 Rf8 47. Rd2 d4 48. Ke4 Re8+ 49. Kd3 Re3+ 50. Kc2 Rf3 51. Rd3 Rxf4 52. Ra3
Rf2+ 53. Kc1 a5 54. Rb3 b5 55. Rd3 Kc4 56. Rh3 b4 57. b3+ Kd5 58. Kb1 Ke4 59.
Rh4+ Kd3 60. Rh3+ Kd2 61. Rh8 d3 62. Rd8 Rf1+ 63. Kb2 Rf7 64. Rd6 Rc7 65. Rd5
Rc2+ 66. Kb1 Ke2 67. Rxa5 Rc7 68. Re5+ Kd1 69. Rd5 d2 70. Kb2 Rc2+ 71. Kb1 Rc1+
72. Kb2 Ke2 73. Re5+ Kf3 74. Rf5+ Ke4 75. Rf8 d1=Q 76. Re8+ Kf5 77. Rf8+ Ke6 78.
Re8+ Kf7 0-1

[Event "Women's Speed Chess Q3"]
[Site "chess.com INT"]
[Date "2021.05.30"]
[Round "1"]
[White "Komiagina, Maria"]
[Black "Ramirez, Maria Eugenia"]
[Result "1/2-1/2"]
[WhiteTitle "WIM"]
[BlackTitle "WFM"]
[WhiteElo "2241"]
[BlackElo "2057"]
[WhiteFideId "4153987"]
[BlackFideId "3301680"]
[EventDate "2021.05.30"]

1. d4 Nf6 2. Nf3 e6 3. Bf4 c5 4. e3 Nc6 5. Nbd2 d5 6. Bd3 c4 7. Be2 Bd6 8. O-O
Bxf4 9. exf4 O-O 10. c3 b5 11. Ne5 Qc7 12. Qc2 b4 13. g4 a5 14. g5 Nd7 15. Ndf3
f6 16. Nxc6 Qxc6 17. Qd2 bxc3 18. bxc3 e5 19. fxe5 fxe5 20. dxe5 Qe6 21. Qe3 Bb7
22. Rfe1 Rae8 23. Bf1 Rxf3 24. Qxf3 Nxe5 25. Qg3 d4 26. Bg2 Bxg2 27. Kxg2 Qd5+
28. f3 d3 29. Re3 d2 30. Rd1 Re7 31. Qf2 Nd3 32. Qxd2 Qxg5+ 33. Kh1 Qxe3 34.
Qxe3 Rxe3 35. Kg2 Re2+ 36. Kg3 Rxa2 37. Rb1 Rc2 38. Rb5 Kf7 39. Rxa5 Rxc3 40.
Ra7+ Kf6 41. Kg4 Ne5+ 42. Kf4 Rxf3+ 43. Ke4 Rd3 44. Ra6+ Kf7 45. Kxe5 Rd2 46.
Ra7+ Kg6 47. Rc7 Re2+ 48. Kf4 Rxh2 49. Kg4 Rc2 50. Rc6+ Kf7 51. Kf5 g6+ 52. Kg5
c3 53. Rc7+ Ke6 54. Rxh7 Rg2+ 55. Kf4 Kd6 56. Rh3 c2 57. Rc3 Rd2 58. Ke3 Rd1 59.
Rxc2 Rd5 60. Rg2 g5 61. Ke4 Ke6 62. Rg1 Ra5 63. Rg2 Ra4+ 64. Ke3 Kf5 65. Rg1 Ke5
66. Kf3 Ra3+ 67. Kg4 Kf6 68. Rf1+ Kg6 69. Rc1 Ra4+ 70. Kg3 Kh5 71. Rh1+ Kg6 72.
Rc1 g4 73. Rc6+ Kf5 74. Rc5+ Kf6 75. Rc6+ Kf5 76. Rc5+ Kg6 77. Rc6+ Kf5 1/2-1/2

[Event "Women's Speed Chess Q3"]
[Site "chess.com INT"]
[Date "2021.05.30"]
[Round "1"]
[White "Zhuravleva, Olga"]
[Black "Bivol, Alina"]
[Result "0-1"]
[WhiteTitle "WIM"]
[BlackTitle "WGM"]
[WhiteElo "2278"]
[BlackElo "2385"]
[WhiteFideId "4145933"]
[BlackFideId "4100123"]
[EventDate "2021.05.30"]

1. e4 e6 2. d4 d5 3. Nd2 c5 4. exd5 exd5 5. Ngf3 Nc6 6. Bb5 Qe7+ 7. Qe2 Qxe2+ 8.
Bxe2 a6 9. dxc5 Bxc5 10. Nb3 Bd6 11. c3 Nf6 12. O-O O-O 13. Bg5 Ne4 14. Bh4 Bg4
15. h3 Be6 16. Bg5 Nxg5 17. Nxg5 Ne5 18. Rad1 Rfe8 19. Nd4 Rac8 20. Ngxe6 fxe6
21. f4 Nc4 22. Bxc4 Rxc4 23. g3 b5 24. Kg2 b4 25. Rf3 bxc3 26. Rxc3 Rb4 27. b3
e5 28. Nc6 Re4 29. Rxd5 Bc7 30. fxe5 Re2+ 31. Kf3 Rxa2 32. Re3 Rf8+ 33. Ke4 Rc2
34. Nd4 Rc1 35. Ne6 Re8 36. Nxc7 Rxc7 37. Rf3 g6 38. Rf6 Rb7 39. Rxa6 Rb4+ 40.
Rd4 Rxb3 41. Rd3 Rb4+ 42. Kd5 Rb5+ 43. Kc4 Rbxe5 44. Rd7 Re4+ 45. Kc5 R4e7 46.
Rxe7 Rxe7 47. Kd6 Re3 48. g4 Rxh3 49. Ra4 Rf3 50. Ke5 Kg7 51. Rd4 g5 52. Rc4 Rf7
53. Rd4 Re7+ 54. Kf5 h6 55. Rd6 Rf7+ 56. Ke4 Rf4+ 57. Ke3 Rxg4 58. Rd7+ Kg6 59.
Kf3 Rf4+ 60. Kg3 Ra4 61. Rd6+ Kh5 62. Kh3 Ra3+ 63. Kg2 Ra8 64. Kg3 Rg8 65. Kg2
Rg6 66. Rd5 Kg4 67. Rd4+ Kf5 68. Kg3 Re6 69. Rd5+ Re5 70. Rd6 h5 71. Rh6 h4+ 72.
Kf3 Rb5 73. Rc6 Rb3+ 74. Kg2 Re3 75. Rc5+ Kf4 76. Rc4+ Re4 77. Rc6 Re2+ 78. Kf1
Re3 79. Rf6+ Kg3 80. Rg6 g4 81. Rh6 h3 82. Rh5 h2 83. Rh6 Rf3+ 84. Ke2 Kg2 0-1

[Event "Women's Speed Chess Q3"]
[Site "chess.com INT"]
[Date "2021.05.30"]
[Round "1"]
[White "Tokhirjonova, Gulrukhbegim"]
[Black "Nguyen, Thi Thanh An"]
[Result "0-1"]
[WhiteTitle "WGM"]
[BlackTitle "WGM"]
[WhiteElo "2350"]
[BlackElo "2259"]
[WhiteFideId "14203626"]
[BlackFideId "12400300"]
[EventDate "2021.05.30"]

1. e4 c6 2. d4 d5 3. e5 c5 4. dxc5 Nc6 5. a3 Nxe5 6. Bb5+ Nc6 7. b4 Nf6 8. Bb2
Bg4 9. f3 Bf5 10. Nd2 e6 11. Ne2 Be7 12. c4 dxc4 13. Nxc4 O-O 14. O-O Qxd1 15.
Rfxd1 Rad8 16. Kf2 Nd5 17. Bxc6 bxc6 18. Nd4 Bg6 19. Nxc6 Rd7 20. N4e5 Rc7 21.
Nxe7+ Nxe7 22. Nxg6 Nxg6 23. Be5 Nxe5 24. Rd6 h6 25. f4 Ng6 26. g3 Ne7 27. Rad1
Nd5 28. Ra6 g6 29. Kf3 Nc3 30. Rd3 Nd5 31. g4 Ra8 32. f5 gxf5 33. gxf5 Re8 34.
Ke4 Nf6+ 35. Ke5 Nh7 36. Rg3+ Kh8 37. fxe6 Rce7 38. Rd3 Rxe6+ 39. Rxe6 Rxe6+ 40.
Kf5 Kg7 41. Rd7 a6 42. a4 Nf6 43. Rd2 Ne4 44. Rg2+ Kf8 45. Rc2 Ke7 46. b5 axb5
47. axb5 Kd7 48. c6+ Kc7 49. Ra2 Nd6+ 50. Kg4 Nxb5 51. Rf2 Nd6 52. Rc2 Ne4 53.
Kf5 Nd6+ 54. Kg4 Nb5 55. Rc4 Rg6+ 56. Kh5 Nd6 57. Rc2 Re6 58. h4 Ne4 59. Kg4
Nf6+ 60. Kf5 Ne8 61. h5 Ng7+ 62. Kg4 Re5 63. Rf2 Rg5+ 64. Kh4 Rxh5+ 65. Kg4 Rg5+
66. Kh4 f5 67. Re2 Kxc6 68. Re7 Kd5 69. Rf7 Ke4 70. Rf6 Kf4 71. Rxh6 Rg4+ 72.
Kh3 Ke5 73. Rh8 Ne6 74. Re8 Rg7 75. Ra8 f4 76. Ra3 Ke4 77. Ra4+ Nd4 78. Rb4 f3
79. Rb1 Ke3 80. Ra1 Ne2 81. Ra3+ Kf2 82. Ra2 Rh7+ 83. Kg4 Kg2 84. Rb2 Rg7+ 85.
Kh4 f2 86. Rxe2 Kf3 87. Re8 f1=Q 88. Rf8+ Kg2 89. Rxf1 Kxf1 90. Kh5 Kf2 91. Kh6
Rg3 0-1

[Event "Women's Speed Chess Q3"]
[Site "chess.com INT"]
[Date "2021.05.30"]
[Round "1"]
[White "Koridze, Lile"]
[Black "Putri, Regita Desyari"]
[Result "1-0"]
[WhiteTitle "WFM"]
[BlackTitle "WFM"]
[WhiteElo "2016"]
[BlackElo "1897"]
[WhiteFideId "13612514"]
[BlackFideId "7109083"]
[EventDate "2021.05.30"]

1. d4 Nf6 2. c4 e6 3. Nf3 d5 4. g3 Be7 5. Bg2 O-O 6. O-O Nbd7 7. Qc2 b6 8. cxd5
exd5 9. Bf4 c5 10. dxc5 Nxc5 11. Nc3 Bb7 12. Rfd1 Rc8 13. Nd4 Bd6 14. Bxd6 Qxd6
15. Nf5 Qe5 16. Nd4 Nce4 17. Qd3 Rfd8 18. Rac1 g6 19. Nf3 Qe6 20. Nb5 a5 21.
Nbd4 Qe7 22. Qb5 Qd6 23. Nb3 Nc5 24. Nxc5 Rxc5 25. Qd3 Rdc8 26. Rxc5 bxc5 27.
Nd2 Qe6 28. e3 Ba6 29. Qc2 Bb5 30. Nf3 a4 31. b3 axb3 32. axb3 h6 33. b4 c4 34.
Nd4 Qd7 35. Qc3 Ne8 36. Nf3 Qe6 37. Nh4 Ra8 38. Bxd5 Qa6 39. Bxa8 Qxa8 40. Qd4
Qc6 41. Qd5 Qxd5 42. Rxd5 Ba4 43. Rc5 Bb3 44. Nf3 Kf8 45. Nd4 Ba2 46. b5 Ke7 47.
Rc6 Nd6 48. Ra6 Bb3 49. Ra1 Kd7 50. Rb1 Ba2 51. Rb2 Bb3 52. Nxb3 cxb3 53. Rxb3
Kc7 54. b6+ Kb7 55. Kf1 Nc4 56. Ke2 Nxb6 57. Kd3 Kc6 58. Kd4 Nd5 59. Rb1 Nc7 60.
Rc1+ Kd6 61. Ke4 Ne6 62. Rd1+ Ke7 63. f4 Nc5+ 64. Ke5 Nd7+ 65. Kd5 Nf6+ 66. Kd4
Ng4 67. h3 Nf2 68. Rf1 Nxh3 69. e4 h5 70. f5 Ng5 71. f6+ Ke6 72. e5 Nh7 73. Rb1
Ng5 74. Rb6+ Kf5 75. Rb7 Ne6+ 76. Kd5 Ng5 77. Re7 Kg4 78. Kd6 Kf5 79. Re8 Ne4+
80. Ke7 Ng5 81. Kf8 Kg4 82. e6 Kf5 83. exf7 Nh7+ 84. Kg7 Nxf6 85. f8=Q 1-0

[Event "Women's Speed Chess Q3"]
[Site "chess.com INT"]
[Date "2021.05.30"]
[Round "2"]
[White "Zaichenko, Daria"]
[Black "Socko, Monika"]
[Result "1-0"]
[WhiteTitle "WFM"]
[BlackTitle "GM"]
[WhiteElo "2104"]
[BlackElo "2421"]
[WhiteFideId "4197453"]
[BlackFideId "1106619"]
[EventDate "2021.05.30"]

1. e4 g6 2. Nf3 Bg7 3. d4 d6 4. Nc3 Nf6 5. Be3 O-O 6. Bd3 c6 7. Ne2 b5 8. Qd2
Bb7 9. c3 a5 10. Ng3 b4 11. h4 bxc3 12. bxc3 h5 13. Bh6 Ng4 14. Bxg7 Kxg7 15.
Nxh5+ gxh5 16. Qg5+ Kh7 17. e5+ f5 18. exf6+ Kh8 19. Qg7# 1-0

[Event "Women's Speed Chess Q3"]
[Site "chess.com INT"]
[Date "2021.05.30"]
[Round "2"]
[White "Frayna, Janelle Mae"]
[Black "Padmini, Rout"]
[Result "0-1"]
[WhiteTitle "WGM"]
[BlackTitle "IM"]
[WhiteElo "2179"]
[BlackElo "2370"]
[WhiteFideId "5212499"]
[BlackFideId "5029295"]
[EventDate "2021.05.30"]

1. d4 Nf6 2. c4 c5 3. d5 b5 4. cxb5 a6 5. bxa6 d6 6. Nc3 g6 7. e4 Bg7 8. Nf3 O-O
9. h3 Bxa6 10. Bxa6 Nxa6 11. O-O Qa5 12. a4 Rfb8 13. Re1 Nd7 14. Bd2 Rxb2 15. e5
Nxe5 16. Nxe5 Bxe5 17. Rc1 Nb4 18. Qg4 Rxd2 0-1

[Event "Women's Speed Chess Q3"]
[Site "chess.com INT"]
[Date "2021.05.30"]
[Round "2"]
[White "Von Herman, Brigitte"]
[Black "Golubeva, Oksana"]
[Result "0-1"]
[WhiteTitle "WFM"]
[BlackTitle "WFM"]
[WhiteElo "1991"]
[BlackElo "2179"]
[WhiteFideId "4628730"]
[BlackFideId "4170164"]
[EventDate "2021.05.30"]

1. e4 e6 2. d4 d5 3. Nc3 Bb4 4. exd5 exd5 5. Bd3 Nc6 6. a3 Be7 7. Be3 Bf6 8.
Nge2 Nge7 9. O-O Bf5 10. h3 Qd7 11. b4 h6 12. Bb5 g5 13. a4 h5 14. Ng3 Bg6 15.
Qd2 h4 16. Nge2 g4 17. Bg5 Bxg5 18. Qxg5 gxh3 19. gxh3 O-O-O 20. Nf4 Rdg8 21.
Kh1 Be4+ 0-1

[Event "Women's Speed Chess Q3"]
[Site "chess.com INT"]
[Date "2021.05.30"]
[Round "2"]
[White "Ziegenfuss, Antonia"]
[Black "Bodnaruk, Anastasia"]
[Result "0-1"]
[WhiteTitle "WFM"]
[BlackTitle "IM"]
[WhiteElo "2157"]
[BlackElo "2457"]
[WhiteFideId "12962554"]
[BlackFideId "4181751"]
[EventDate "2021.05.30"]

1. d4 Nf6 2. c4 g6 3. Nc3 Bg7 4. e4 d6 5. Be2 O-O 6. Be3 c6 7. g4 d5 8. g5 Nxe4
9. Nxe4 dxe4 10. h4 f5 11. gxf6 exf6 12. h5 f5 13. h6 Bf6 14. Qd2 f4 15. Bxf4
Qxd4 16. Qxd4 Bxd4 17. Bxb8 Bxf2+ 18. Kd1 Rxb8 19. Nh3 Bd4 20. Kc2 Bf5 21. Rad1
Rbd8 22. Ng5 c5 23. b3 Rd6 24. Rhg1 Rfd8 25. Bg4 Bxg1 26. Rxd6 Rxd6 27. Bxf5
gxf5 0-1

[Event "Women's Speed Chess Q3"]
[Site "chess.com INT"]
[Date "2021.05.30"]
[Round "2"]
[White "Eswaran, Aksithi"]
[Black "Doluhanova, Evgeniya"]
[Result "0-1"]
[WhiteTitle "WCM"]
[BlackTitle "WGM"]
[WhiteElo "1745"]
[BlackElo "2207"]
[WhiteFideId "2083485"]
[BlackFideId "14112035"]
[EventDate "2021.05.30"]

1. e4 e5 2. Nf3 Nc6 3. Bc4 Bc5 4. c3 Nf6 5. d4 exd4 6. e5 d5 7. Bb5 Ne4 8. cxd4
Bb6 9. Nc3 O-O 10. Be3 f6 11. Bxc6 bxc6 12. h3 Ba6 13. Qb3 Nxc3 14. Qxc3 Bc4 15.
b3 Bb5 16. a4 Ba6 17. Qxc6 fxe5 18. Nxe5 Qe7 19. Qxd5+ Kh8 20. O-O-O Qa3+ 21.
Kc2 Qa2+ 22. Kc3 c5 23. Nf7+ Rxf7 24. Qxf7 Ba5+ 0-1

[Event "Women's Speed Chess Q3"]
[Site "chess.com INT"]
[Date "2021.05.30"]
[Round "2"]
[White "Rakshitta, Ravi"]
[Black "Soumya, Swaminathan"]
[Result "1-0"]
[WhiteTitle "WIM"]
[BlackTitle "IM"]
[WhiteElo "2190"]
[BlackElo "2351"]
[WhiteFideId "25073230"]
[BlackFideId "5016193"]
[EventDate "2021.05.30"]

1. e4 g6 2. d4 Bg7 3. Nc3 d6 4. Bg5 a6 5. f4 h6 6. Bh4 b5 7. Nf3 Bb7 8. Bd3 Nd7
9. Qd2 c5 10. d5 Ngf6 11. a3 c4 12. Be2 Nb6 13. Nd4 Rc8 14. O-O O-O 15. Kh1 Nbd7
16. Qe3 Nc5 17. Bf3 Qb6 18. e5 dxe5 19. fxe5 Nfd7 20. e6 Nf6 21. exf7+ Rxf7 22.
Ne6 Nxe6 23. Qxb6 1-0

[Event "Women's Speed Chess Q3"]
[Site "chess.com INT"]
[Date "2021.05.30"]
[Round "2"]
[White "Jakubowska, Anna"]
[Black "Komiagina, Maria"]
[Result "0-1"]
[WhiteTitle "WIM"]
[BlackTitle "WIM"]
[WhiteElo "2073"]
[BlackElo "2241"]
[WhiteFideId "1121952"]
[BlackFideId "4153987"]
[EventDate "2021.05.30"]

1. e4 g6 2. d4 Bg7 3. Nc3 d6 4. g3 c6 5. Bg2 Nf6 6. a4 O-O 7. Nge2 Nbd7 8. O-O
e5 9. h3 h6 10. Be3 Re8 11. Qd2 Kh7 12. f4 Qc7 13. Kh2 b6 14. f5 exd4 15. Nxd4
Ne5 16. fxg6+ fxg6 17. b3 Qe7 18. Bf4 Bb7 19. Rf2 Nh5 20. Raf1 Rf8 21. Bxe5 Bxe5
22. Nde2 Rxf2 23. Rxf2 Rf8 24. Qe3 c5 25. Rxf8 Qxf8 26. Nd5 Bxd5 27. exd5 Qf6
28. Kg1 Ng7 29. Qf2 Qe7 30. Nf4 Bd4 0-1

[Event "Women's Speed Chess Q3"]
[Site "chess.com INT"]
[Date "2021.05.30"]
[Round "2"]
[White "Perez Rodriguez, Jennifer"]
[Black "Mordido, Kylen Joy"]
[Result "1-0"]
[WhiteTitle "WIM"]
[BlackTitle "WIM"]
[WhiteElo "2251"]
[BlackElo "2014"]
[WhiteFideId "3507831"]
[BlackFideId "5219086"]
[EventDate "2021.05.30"]

1. e4 c5 2. c3 d5 3. exd5 Qxd5 4. d4 Nc6 5. Nf3 e6 6. Be3 cxd4 7. cxd4 Nf6 8.
Nc3 Bb4 9. Bd3 O-O 10. O-O Bxc3 11. bxc3 b6 12. Bc2 Bb7 13. Qd3 Rac8 14. Rfe1
Qh5 15. Bg5 Ne7 16. Re5 Qg6 17. Qd2 Nf5 18. Nh4 Qh5 19. Nxf5 exf5 20. Rxf5 Qg4
21. f3 Bxf3 22. Rxf3 Nd5 23. Rg3 Qh5 24. Rh3 1-0